|
|
|
|
| LEADER |
00922nam a2200241 a 4500 |
| 001 |
GR-Patra7600 |
| 008 |
991022s1994 gr 000 0 gre d |
| 020 |
|
|
|a 9607041127
|
| 040 |
|
|
|a GrPaTEI
|b gre
|c GR-PaULI
|
| 245 |
0 |
0 |
|a Παιδικός αυτισμός :
|b θεραπευτική προσέγγιση.
|
| 260 |
|
|
|a Αθήνα :
|b Πύλη,
|c 1994
|
| 300 |
|
|
|a 195σ.
|
| 504 |
|
|
|a Βιβλιογραφία : σ.189-195
|
| 650 |
|
4 |
|a Αυτισμός
|
| 650 |
|
4 |
|a ΑΥΤΙΣΤΙΚΑ ΠΑΙΔΙΑ
|
| 650 |
|
4 |
|a Παιδιά
|
| 650 |
|
4 |
|a Ψυχοθεραπεία
|
| 700 |
1 |
|
|a Συνοδινού, Κλαίρη
|
| 710 |
0 |
|
|a Πύλη
|
| 942 |
|
|
|2 ddc
|
| 952 |
|
|
|0 1
|1 0
|2 ddc
|4 0
|6 616_898200000000000_ΣΥΝ
|7 0
|9 288642
|a LISK
|b LISK
|c BSC
|d 2021-01-17
|e 24
|f 0
|g 0.00
|l 0
|o 616.8982 ΣΥΝ
|p 92410010763
|r 2021-01-17 00:00:00
|t 1
|w 2021-01-17
|y BK15
|x 19991024 0 1
|x GrPaTEI
|
| 971 |
|
|
|a .b26551159
|b 16-04-20
|c 23-09-16
|
| 999 |
|
|
|c 168379
|d 168379
|